[Event "Ch Pan-American (juniors) (under 18)"]
[Site "masterchessopen.com Cali (Colombia)"]
[Date "2011.07.05"]
[Round "4"]
[White "Cadena Gustavo Adolfo (COL)"]
[Black "Martinez Sanchez David R (PER)"]
[Result "0-1"]
[WhiteElo "2094"]
[BlackElo "1937"]

1.d4 Nf6 2.c4 g6 3.Nc3 d5 4.cxd5 Nxd5 5.e4 Nxc3 6.bxc3 Bg7 7.Bc4 c5 8.Ne2 Nc6
9.Be3 O-O 10.O-O Qc7 11.Rc1 Rd8 12.Qa4 Bd7 13.Qa3 Na5 14.Bd3 c4 15.Bb1 e5
16.f4 Bg4 17.Ng3 exd4 18.cxd4 Bxd4 19.f5 Be5 20.Bf2 c3 21.h3 Nc4 22.Qb4 Bxg3
23.Qxc3 Bxf2+ 24.Rxf2 Rd1+ 25.Rf1 Qb6+ 26.Kh1 Rxf1+ 27.Rxf1 Be2 28.Rc1 Rd8
{#R} 0-1

[Event "Ch Croatia (juniors) (under 19)"]
[Site "masterchessopen.com Topusko (Croatia)"]
[Date "2011.07.25"]
[Round "3"]
[White "Kovacic Dominik (CRO)"]
[Black "Cupic Lovro (CRO)"]
[Result "0-1"]
[WhiteElo "1667"]
[BlackElo "2066"]

1.d4 Nf6 2.c4 g6 3.Nc3 d5 4.cxd5 Nxd5 5.e4 Nxc3 6.bxc3 Bg7 7.Bc4 c5 8.Ne2 Nc6
9.Be3 O-O 10.O-O Qc7 11.Qd2 Rd8 12.Rac1 Ne5 13.Bd3 Nxd3 14.Qxd3 Qa5 15.Qc2 Bd7
16.dxc5 Ba4 17.Qb2 Bc6 18.f3 Rd3 19.Bd4 e5 20.Qc2 Bb5 21.c4 Rd2 22.Bc3 Rxc2
23.Bxa5 Rxc4 24.Kf2 Bf8 25.Rxc4 Bxc4 26.Rc1 Bxc5+ 27.Ke1 b5 28.Nc3 Rc8 {#R}
0-1

[Event "Ch Turkey (active)"]
[Site "masterchessopen.com Datca (Turkey)"]
[Date "2011.08.21"]
[Round "7"]
[White "Buker Muhittin (TUR)"]
[Black "Secer Ata (TUR)"]
[Result "1-0"]
[WhiteElo "2073"]
[BlackElo "2329"]

1.d4 Nf6 2.c4 g6 3.Nc3 d5 4.cxd5 Nxd5 5.e4 Nxc3 6.bxc3 Bg7 7.Bc4 c5 8.Ne2 Nc6
9.Be3 O-O 10.O-O Qc7 11.Rc1 Rd8 12.a3 Na5 13.Qa4 a6 14.Bf4 e5 15.dxe5 Nxc4
16.Qxc4 Be6 17.Qa4 Bxe5 18.Bxe5 Qxe5 19.f4 Qc7 20.f5 b5 21.Qc2 Bc4 22.Rf2 Bd3
23.Qd2 Bxe2 24.Qxe2 Qe5 25.Qe3 Ra7 26.f6 Qe8 27.e5 Rad7 28.Re1 Rd1 29.Re2 c4
30.Rxd1 Rxd1+ 31.Kf2 Qe6 32.Re1 Qf5+ 33.Kg1 Qd3 34.Qxd3 Rxd3 35.Kf2 Rxc3
36.Rd1 Rd3 37.Rxd3 cxd3 38.Ke3 Kf8 39.Kxd3 Ke8 40.Kd4 a5 41.Kc5 b4 42.axb4 a4
43.Kc4 Kd7 44.b5 {#r} 1-0

[Event "Tournament (Elo)"]
[Site "masterchessopen.com Campinas (Brazil)"]
[Date "2011.08.27"]
[Round "1"]
[White "Goncalves Machado Henrique"]
[Black "Santos Junior Luiz Sergio"]
[Result "0-1"]
[WhiteElo "1717"]
[BlackElo "1680"]

1.d4 Nf6 2.c4 g6 3.Nc3 d5 4.cxd5 Nxd5 5.e4 Nxc3 6.bxc3 Bg7 7.Bc4 O-O 8.Be3 c5
9.Ne2 Nc6 10.O-O Qc7 11.Rc1 Rd8 12.d5 Na5 13.Bd3 b6 14.c4 Ba6 15.Qc2 Qd7 16.f4
Nc6 17.Qb3 Rac8 18.Bf2 Nb4 19.Bb1 b5 20.cxb5 Bxb5 21.Rfd1 Bxe2 22.Rd2 Qb5
23.a3 Na6 24.Qe3 Bc4 25.f5 Bd4 26.Qg3 Bxf2+ 27.Qxf2 Nc7 28.Rb2 Qa6 29.Rbc2 Bd3
30.Rxc5 Bxb1 31.Rxb1 Ne8 32.Rxc8 Rxc8 33.h3 Qxa3 34.fxg6 hxg6 35.Rf1 Qc5 {#R}
0-1

[Event "Tournament (open)"]
[Site "masterchessopen.com Barrinha (Brazil)"]
[Date "2011.10.15"]
[Round "3"]
[White "Rodrigues Tiago Pereira (BRA)"]
[Black "Barbosa Evandro Amorim (BRA)"]
[Result "0-1"]
[WhiteElo "2123"]
[BlackElo "2383"]

1.d4 Nf6 2.c4 g6 3.Nc3 d5 4.cxd5 Nxd5 5.e4 Nxc3 6.bxc3 Bg7 7.Bc4 c5 8.Ne2 Nc6
9.Be3 O-O 10.O-O Qc7 11.Rb1 b6 12.Qa4 Bb7 13.Rbc1 e6 14.Qa3 Rfd8 15.Rfd1 Rac8
16.f3 Qe7 17.dxc5 Ne5 18.Ba6 Bxa6 19.Qxa6 bxc5 20.h3 Qc7 21.f4 Nd7 22.a4 Rb8
23.Rb1 Rb6 24.Rxb6 axb6 25.e5 Rf8 26.Qb5 Nb8 27.Rd6 {#R} 0-1

[Event "Ch Hungary (juniors) (team)"]
[Site "masterchessopen.com Miskolc (Hungary)"]
[Date "2011.11.03"]
[Round "2"]
[White "Klement Bence (HUN)"]
[Black "Dankhazi Andras (HUN)"]
[Result "0-1"]
[WhiteElo "1741"]
[BlackElo "2085"]

1.d4 Nf6 2.c4 g6 3.Nc3 d5 4.cxd5 Nxd5 5.e4 Nxc3 6.bxc3 Bg7 7.Bc4 c5 8.Ne2 Nc6
9.Be3 O-O 10.O-O Qc7 11.Rc1 Rd8 12.Nf4 cxd4 13.cxd4 Bxd4 14.Nd5 Qe5 15.Qf3
Bxe3 16.Qxe3 Be6 17.f4 Qd4 18.Qxd4 Nxd4 19.Nxe7+ Kf8 20.Nd5 b5 21.Bd3 Bxd5
22.exd5 Rxd5 23.Be4 Ne2+ 24.Kh1 Nxc1 25.Rxc1 Rad8 26.Bxd5 Rxd5 27.Kg1 Rd4
28.Rc8+ Kg7 29.Rc5 a6 30.Kf1 Rxf4+ 31.Ke2 Rc4 {#R} 0-1

[Event "Ch Kazakhstan (1/2 final)"]
[Site "masterchessopen.com Pavlodar (Kazakhstan)"]
[Date "2012.02.24"]
[Round "4"]
[White "Sergazin Almat (KAZ)"]
[Black "Khusnutdinov Rustam (KAZ)"]
[Result "0-1"]
[WhiteElo "2139"]
[BlackElo "2492"]

1.c4 Nf6 2.d4 g6 3.Nc3 d5 4.cxd5 Nxd5 5.e4 Nxc3 6.bxc3 Bg7 7.Bc4 c5 8.Ne2 Nc6
9.Be3 O-O 10.O-O Qc7 11.Qc1 Bd7 12.f3 cxd4 13.cxd4 Rac8 14.Rb1 e6 15.Bd3 Qa5
16.Qb2 Rc7 17.Rfd1 Bc8 18.Qb5 Qxb5 19.Bxb5 a6 20.Bxc6 Rxc6 21.Rdc1 Rxc1+
22.Rxc1 Bd7 23.Rc7 Bc6 24.Kf2 Bf6 25.g3 Ra8 26.d5 Be5 {#R} 0-1

[Event "Tournament (universities)"]
[Site "masterchessopen.com Goiania (Brazil)"]
[Date "2012.06.13"]
[Round "1"]
[White "Bernardes Rafael Esteves"]
[Black "Terao Rodrigo (BRA)"]
[Result "0-1"]
[WhiteElo "1882"]
[BlackElo "2364"]

1.d4 Nf6 2.c4 g6 3.Nc3 d5 4.cxd5 Nxd5 5.e4 Nxc3 6.bxc3 Bg7 7.Bc4 c5 8.Ne2 Nc6
9.Be3 O-O 10.O-O Qc7 11.Rc1 b6 12.f4 e6 13.dxc5 Rd8 14.cxb6 axb6 15.Qb3 Rb8
16.Bb5 Bb7 17.Qc2 Na5 18.c4 f5 19.Ng3 Nc6 20.e5 Bf8 21.Qf2 Ba8 22.Rfd1 h5
23.a4 Nb4 24.Rxd8 Qxd8 25.Qe2 Qc7 26.Rd1 Rd8 27.Rxd8 Qxd8 28.Qf2 h4 29.Nf1 h3
30.Qg3 Kf7 31.Qxh3 Nc2 32.Bf2 Nd4 33.Qh7+ Bg7 34.Bh4 Qf8 35.Bf6 Ne2+ 36.Kf2
Nxf4 37.Bxg7 Qxg7 38.Qxg7+ Kxg7 39.g3 Nd3+ 40.Ke3 Nxe5 41.h4 Kf6 42.Nd2 Ng4+
43.Ke2 e5 44.a5 bxa5 45.Nb3 f4 46.Bd7 f3+ 47.Kf1 Ne3+ 48.Kf2 Nxc4 49.Bb5 Nd6
50.Ba4 Ne4+ {#R} 0-1

[Event "It (open)"]
[Site "masterchessopen.com Cartagena (Colombia)"]
[Date "2012.06.14"]
[Round "1"]
[White "Garces Javier (COL)"]
[Black "Abreu Aryam (CUB)"]
[Result "0-1"]
[WhiteElo "2012"]
[BlackElo "2470"]

1.d4 Nf6 2.c4 g6 3.Nc3 d5 4.cxd5 Nxd5 5.e4 Nxc3 6.bxc3 Bg7 7.Bc4 c5 8.Ne2 Nc6
9.Be3 O-O 10.O-O Qc7 11.Rc1 Rd8 12.Qe1 Qa5 13.Rd1 Bd7 14.f3 Rac8 15.dxc5 Ne5
16.Bd5 Qa6 17.Nc1 Nc4 18.Bd4 e6 19.Bxc4 Qxc4 20.Nb3 Ba4 21.Qg3 Bxb3 22.axb3
Qxb3 23.Rb1 Bxd4+ 24.cxd4 Qe3+ 25.Qf2 Qxd4 26.Rxb7 Qc3 27.h3 Rd2 28.Qg3 Qxc5+
29.Kh1 Rcd8 30.Qf4 R2d7 31.Rxd7 Rxd7 32.Rc1 Qd4 33.Kh2 Kg7 34.h4 h5 35.Rc8 e5
36.Qc1 Qd2 37.Qxd2 Rxd2 38.Rc5 Kf6 39.Ra5 Rd7 40.Kg3 Ke6 41.Ra6+ Ke7 42.Kf2
Kd8 43.Ke2 Kc8 44.g4 Kb7 45.Ra5 f6 46.gxh5 gxh5 47.f4 Kb6 48.Ra3 a5 49.fxe5
fxe5 50.Ra1 Rd4 51.Ke3 Rb4 52.Rd1 a4 53.Rd6+ Ka5 54.Rd5+ Rb5 55.Rd8 a3 56.Kd3
Ka4 57.Kc4 a2 {#R} 0-1

[Event "Ch Germany (juniors) (Internet) (under 18) (qual1)"]
[Site "masterchessopen.com Internet"]
[Date "2012.09.01"]
[Round "7"]
[White "Bluebaum Matthias"]
[Black "Krause Benedict"]
[Result "0-1"]
[WhiteElo "2539"]
[BlackElo "2071"]

1.d4 Nf6 2.c4 g6 3.Nc3 d5 4.cxd5 Nxd5 5.e4 Nxc3 6.bxc3 Bg7 7.Bc4 c5 8.Ne2 Nc6
9.Be3 O-O 10.O-O Qc7 11.Rc1 b6 12.Qd2 Bb7 13.Bh6 Rad8 14.Bxg7 Kxg7 15.Qe3 e5
16.Bb3 Qe7 17.d5 Na5 18.c4 Bc8 19.f4 f6 20.f5 Nb7 21.Ng3 Nd6 22.h4 gxf5
23.exf5 Kh8 24.Rf2 Rg8 25.Rcf1 Bd7 26.Kh2 Rg4 27.Qh6 Rdg8 28.Nh1 e4 29.g3 Qe5
30.Bd1 Rxg3 31.Qf4 Qxf4 32.Rxf4 Rg2+ 33.Kh3 Rd2 34.Bg4 Rd3+ 35.Kh2 Nxc4 36.Be2
Rd2 37.Rxe4 Ne5 38.Rf2 Rxd5 39.Bh5 Rd3 40.Re1 Bc6 41.Rd1 Bxh1 42.Kxh1 Rxd1+
43.Bxd1 Rd8 44.Bh5 c4 45.Rc2 b5 46.Kg2 a5 47.Be2 Rd4 48.Kf2 Rxh4 49.Rd2 b4
50.Rd8+ Kg7 51.Rc8 c3 52.Rc7+ Kh6 53.Bf1 Kg5 54.Kg3 Rg4+ 55.Kf2 Rf4+ 56.Ke2
Rxf5 57.Bh3 Rf4 58.Bg2 Rh4 59.Rg7+ Kf5 60.Rc7 Rc4 61.Bh3+ Kf4 62.Rxc4+ Nxc4
63.Kd3 Ne3 64.Be6 h5 65.Bd7 h4 66.a3 f5 67.axb4 axb4 68.Bc6 h3 69.Bh1 h2
70.Bc6 c2 71.Kd2 b3 72.Kc1 Kg3 73.Bh1 Ng2 74.Kb2 f4 75.Kc1 f3 76.Kd2 f2 77.Ke2
c1=Q {#R} 0-1